Most-Used Letters in Country Names - Statistics

General Stats
  • This quiz has been taken 223 times
  • The average score is 8 of 10
Answer Stats
Uses Letter % Correct
275 A
99%
126 E
95%
161 I
89%
96 O
86%
84 S
76%
73 U
76%
146 N
72%
85 T
67%
102 R
54%
69 L
50%
No matching quizzes found
Score Distribution
Percent of People with Each Score
Percentile by Number Answered
Your Score History
You have not taken this quiz